• 首页
  • 本馆介绍
  • 公告通知
  • 最新文献
  • 馆藏检索
  • 电子资源
  • 读者导购
  • 参考咨询
  • 我的图书馆
  • 登录
  • 详细信息显示
  • 放入我的书架
  • 预约/预借图书
  • 作者相关作品
  • 分类相关作品
  • 丛书相关作品
  • 出版社相关作品

书目信息

  • 表格格式
  • 工作单格式
  • 卡片格式
题名:
多智能体方法在作业车间调度中的应用
    
 
作者: 任海英 著
分册:  
出版信息: 北京   北京工业大学出版社  2013
页数: 149页
开本: 26cm
丛书名:
单 册:
中图分类: F406.6-39 , F406.6
科图分类:
主题词: 人工智能--应用--车间--生产调度
电子资源:
ISBN: 978-7-5639-3472-0
000 00947nam0 2200241 450
001 2374719454
005 20231205204536.32
010    @a978-7-5639-3472-0@dCNY18.00
100    @a20130318d2013 em y0chiy50 ea
101 0  @achi
102    @aCN@b110000
105    @aak a 000yy
200 1  @a多智能体方法在作业车间调度中的应用@Aduo zhi neng ti fang fa zai zuo ye che jian diao du zhong de ying yong@f任海英著
210    @a北京@c北京工业大学出版社@d2013
215    @a149页@c图@d26cm
320    @a有书目
330    @a本书提出了一类新的基于多智能体协商的调度体系, 该体系主要针对及时或准时交货的性能指标。作者在经典作业车间和柔性作业车间等环境下设计和实现了这些多智能体调度系统的原型, 并通过仿真实验验证了它们的有效性和相对于传统调度规则的优越性。
606 0  @a人工智能@x应用@x车间@x生产调度
690    @aF406.6-39@v5
690    @aF406.6@v4
701  0 @a任海英@Aren hai ying@4著
801  0 @aCN@b湖北三新@c20130506
905    @aZUCC@dF406.6@e3
    
    多智能体方法在作业车间调度中的应用/任海英著.-北京:北京工业大学出版社,2013
    149页:图;26cm
    
    
    ISBN 978-7-5639-3472-0:CNY18.00
    本书提出了一类新的基于多智能体协商的调度体系, 该体系主要针对及时或准时交货的性能指标。作者在经典作业车间和柔性作业车间等环境下设计和实现了这些多智能体调度系统的原型, 并通过仿真实验验证了它们的有效性和相对于传统调度规则的优越性。
●
相关链接 在五车中查询图书 在当当中查询图书 在豆瓣中查询图书


正题名:多智能体方法在作业车间调度中的应用     索取号:F406.6/3         预约/预借

序号 登录号 条形码 馆藏地/架位号 状态 备注
1 2001347451   2001347451   三新/湖北三新(第三批)/1882/ [索取号:F406.6/3] 在馆    
2 2001347452   2001347452   三新/湖北三新(第三批)/1882/ [索取号:F406.6/3] 在馆    
3 2001347453   2001347453   三新/湖北三新(第三批)/1882/ [索取号:F406.6/3] 在馆    
4 2001347454   2001347454   三新/湖北三新(第三批)/1882/ [索取号:F406.6/3] 在馆    
5 2001347455   2001347455   三新/湖北三新(第三批)/1882/ [索取号:F406.6/3] 在馆    
6 2001347456   2001347456   三新/湖北三新(第三批)/1882/ [索取号:F406.6/3] 在馆    
7 2001347457   2001347457   三新/湖北三新(第三批)/1882/ [索取号:F406.6/3] 在馆    
8 2001347458   2001347458   三新/湖北三新(第三批)/1882/ [索取号:F406.6/3] 在馆    
9 2001347459   2001347459   三新/湖北三新(第三批)/1882/ [索取号:F406.6/3] 在馆    
10 2001347460   2001347460   三新/湖北三新(第三批)/1882/ [索取号:F406.6/3] 在馆    
11 2001347461   2001347461   三新/湖北三新(第三批)/1882/ [索取号:F406.6/3] 在馆    
12 2001347462   2001347462   三新/湖北三新(第三批)/1882/ [索取号:F406.6/3] 在馆    
13 2001347463   2001347463   三新/湖北三新(第三批)/1882/ [索取号:F406.6/3] 在馆    
14 2001347464   2001347464   三新/湖北三新(第三批)/1882/ [索取号:F406.6/3] 在馆    
15 2001347465   2001347465   三新/湖北三新(第三批)/1882/ [索取号:F406.6/3] 在馆    
16 2001347466   2001347466   三新/湖北三新(第三批)/1882/ [索取号:F406.6/3] 在馆    
17 2001347467   2001347467   三新/湖北三新(第三批)/1882/ [索取号:F406.6/3] 在馆    
18 2001347468   2001347468   三新/湖北三新(第三批)/1882/ [索取号:F406.6/3] 在馆    
19 2001347469   2001347469   三新/湖北三新(第三批)/1882/ [索取号:F406.6/3] 在馆    
20 2001347470   2001347470   三新/湖北三新(第三批)/1882/ [索取号:F406.6/3] 在馆    
21 2001347471   2001347471   三新/湖北三新(第三批)/1882/ [索取号:F406.6/3] 在馆    
22 2001347472   2001347472   三新/湖北三新(第三批)/1882/ [索取号:F406.6/3] 在馆    
23 2001347473   2001347473   三新/湖北三新(第三批)/1882/ [索取号:F406.6/3] 在馆    
24 2001347474   2001347474   三新/湖北三新(第三批)/1882/ [索取号:F406.6/3] 在馆    
25 2001347475   2001347475   三新/湖北三新(第三批)/1882/ [索取号:F406.6/3] 在馆    
26 2001347476   2001347476   三新/湖北三新(第三批)/1882/ [索取号:F406.6/3] 在馆    
27 2001347477   2001347477   三新/湖北三新(第三批)/1882/ [索取号:F406.6/3] 在馆    
28 2001347478   2001347478   三新/湖北三新(第三批)/1882/ [索取号:F406.6/3] 在馆    
29 2001347479   2001347479   三新/湖北三新(第三批)/1882/ [索取号:F406.6/3] 在馆    
30 2001347480   2001347480   三新/湖北三新(第三批)/1882/ [索取号:F406.6/3] 在馆    
山东省滨州职业学院图书馆 欢迎您!
大连网信软件有限公司© 版权所有